000
00290nam a22000977a 4500
999
_c
509020
_d
509020
082
_a
P5x5442 B639b
100
_a
Government of Maharashtra
_9
1919
245
_a
Report of the Bombay University Reorganisation Committee 1950
260
_a
Bombay
_b
Government Central Press
_c
1951
300
_a
253p.